[Event "Recife Arraes Memorial 9th"]
[Site "Recife"]
[Date "2016.10.23"]
[Round "6.5"]
[White "De Santana, Joel Mendes"]
[Black "Gomes, Jose Murilo"]
[Result "0-1"]
[WhiteElo "2045"]
[BlackElo "1990"]
[PlyCount "67"]
[EventDate "2016.10.21"]
[EventType "swiss"]
[EventRounds "6"]
[EventCountry "BRA"]
[SourceTitle "EXT 2022"]
[Source "ChessBase"]
[SourceDate "2021.10.06"]
[SourceVersion "1"]
[SourceVersionDate "2021.10.06"]
[SourceQuality "1"]

1. d4 d5 2. c4 e6 3. cxd5 exd5 4. Nc3 c6 5. Qc2 g6 6. Bf4 Bf5 7. Qd2 Bg7 8. Nf3 Nd7 9. e3 Ngf6 10. Bd3 Bxd3 11. Qxd3 0-0 12. h3 Re8 13. 0-0 Ne4 14. Ne2 a5 15. Nd2 Nxd2 16. Qxd2 Nf6 17. Qc2 Nh5 18. Bh2 Bf8 19. Qb3 Qe7 20. a3 Ng7 21. Nf4 Nf5 22. Nd3 Nh4 23. Bg3 Nf5 24. Bf4 g5 25. Be5 f6 26. Bh2 a4 27. Qd1 Qe4 28. Ne1 Nh4 29. Rc1 Ra5 30. Qc2 Rb5 31. Kh1 Kg7 32. Qxe4 Rxe4 33. Rc2 Rb3 34. Bg1 0-1

[Event "Potiguar-ch sf"]
[Site "Natal"]
[Date "2016.09.17"]
[Round "4.2"]
[White "Da Silva, Joseph W Bruno Rada"]
[Black "Gomes, Jose Murilo"]
[Result "0-1"]
[WhiteElo "1835"]
[BlackElo "1966"]
[PlyCount "74"]
[EventDate "2016.09.16"]
[EventType "swiss"]
[EventRounds "6"]
[EventCountry "BRA"]
[SourceTitle "EXT 2022"]
[Source "ChessBase"]
[SourceDate "2021.10.06"]
[SourceVersion "1"]
[SourceVersionDate "2021.10.06"]
[SourceQuality "1"]

1. e4 c5 2. Nf3 Nc6 3. d4 cxd4 4. Nxd4 Nf6 5. Nc3 e5 6. Ndb5 d6 7. Bg5 a6 8. Bxf6 gxf6 9. Na3 b5 10. Nd5 f5 11. Qh5 Be6 12. Bd3 Bg7 13. Ne3 f4 14. Nf5 Bxf5 15. exf5 d5 16. 0-0 b4 17. Nc4 dxc4 18. Bxc4 Qf6 19. Rad1 Rd8 20. Rxd8+ Nxd8 21. Rd1 0-0 22. Rd3 e4 23. Rh3 h6 24. g3 f3 25. Qg4 Re8 26. Qf4 Nc6 27. Rh4 Nd4 28. Qc7 Qxf5 29. c3 Ne2+ 30. Kf1 bxc3 31. bxc3 e3 32. Qb7 exf2 33. Kxf2 Qc5+ 34. Kxf3 Qe3+ 35. Kg2 Qg1+ 36. Kh3 Qf1+ 37. Qg2 Ng1+ 0-1

[Event "Potiguar-ch sf"]
[Site "Natal"]
[Date "2016.09.17"]
[Round "3.4"]
[White "Gomes, Jose Murilo"]
[Black "Macedo, Alexandre Soares"]
[Result "1-0"]
[WhiteElo "1966"]
[BlackElo "1838"]
[PlyCount "25"]
[EventDate "2016.09.16"]
[EventType "swiss"]
[EventRounds "6"]
[EventCountry "BRA"]
[SourceTitle "EXT 2022"]
[Source "ChessBase"]
[SourceDate "2021.10.06"]
[SourceVersion "1"]
[SourceVersionDate "2021.10.06"]
[SourceQuality "1"]

1. e4 c6 2. d4 d5 3. Nc3 dxe4 4. Nxe4 Nf6 5. Nxf6+ exf6 6. Bf4 Bd6 7. Bxd6 Qxd6 8. Nf3 0-0 9. Be2 Qb4+ 10. Qd2 Qxb2 11. 0-0 Bf5 12. Rfb1 Bxc2 13. Rxb2 1-0